Online Catalogue and eLibrary

Marriage breakdown and divorce law reform in contemporary society (Record no. 2813)

MARC details
000 -LEADER
fixed length control field 00458nam a2200169Ia 4500
005 - DATE AND TIME OF LATEST TRANSACTION
control field 20240604061251.0
008 - FIXED-LENGTH DATA ELEMENTS--GENERAL INFORMATION
fixed length control field 240331s9999 xx 000 0 und d
082 ## - DDC Classification
Item Number - Author Mark HUS
Class No. 346
100 ## - MAIN ENTRY--PERSONAL NAME
Personal name Hussain, J.S
245 #0 - TITLE STATEMENT
Title Marriage breakdown and divorce law reform in contemporary society
Statement of responsibility, etc. S. Jaffer Hussain
250 ## - EDITION STATEMENT
Edition statement 1 st
260 ## - PUBLICATION, DISTRIBUTION, ETC.
Place of publication, distribution, etc. New Delhi
Name of publisher, distributor, etc. Concept Publishing Company
Date of publication, distribution, etc. 1983
300 ## - PHYSICAL DESCRIPTION
Extent (e.g. Volumes, Pages etc.) 240 p.,
650 ## - SUBJECT ADDED ENTRY--TOPICAL TERM
Topical term or geographic name entry element Society
650 ## - SUBJECT ADDED ENTRY--TOPICAL TERM
Topical term or geographic name entry element Laws
942 ## - Koha item type (Biblio)
Koha item type Books in Stacks (Lending)
Holdings
Lost status Damaged status Collection code Home library Current library Shelving location Date acquired Full call number Accession Number Item type
    Lending WERC Library WERC Library Social Science Cupboard 03/31/2024 346.01 HUS 3563 Books in Stacks (Lending)

© WERC Library